Normal view
MARC view
- الاردن - تاريخ - الملك عبدالله بن الحسين الاول - خط أنابيب البترول عبر البلاد العربية 1946-1951 م
Entry Topical Term
001 - CONTROL NUMBER
- control field: 55874
003 - CONTROL NUMBER IDENTIFIER
- control field: JO-AjAnu
005 - DATE AND TIME OF LATEST TRANSACTION
- control field: 20230606083147.0
008 - FIXED-LENGTH DATA ELEMENTS
- fixed length control field: 230606|| aca||aabn | a|a d
040 ## - CATALOGING SOURCE
- Original cataloging agency: JO-AjAnu
- Transcribing agency: JO-AjAnu
150 ## - HEADING--TOPICAL TERM
- Topical term or geographic name entry element: الاردن - تاريخ - الملك عبدالله بن الحسين الاول - خط أنابيب البترول عبر البلاد العربية 1946-1951 م
670 ## - SOURCE DATA FOUND
- Source citation: Work cat.: (JO-AjAnu)28517: عبدالله بن الحسين بن علي، ملك الأردن، 1988 - 1951؛ اشراف البخيت، محمد عدنان، جمع وإعداد محمد عدنان البخيت، جمع وإعداد هند غسان أبو الشعر، جمع وإعداد نوفان رجا السوارية، جمع وإعداد بكر خازر المجالي, author 55873, الوثائق الهاشمية: أوراق عبدالله بن الحسين : خط التابلاين خط أنابيب البترول عبر البلاد العربية 1365--هجري/1946م 1370هجري/1951م، مج 14، القسم 1